FUT: fondo de utilidades tributables
Saved in:
| Hovedforfatter: | |
|---|---|
| Format: | Bog |
| Sprog: | spansk |
| Udgivet: |
Santiago
Lexis Nexis
2003
Santiago Jurídica Conosur 2003 |
| Udgivelse: | 2a. ed |
| Fag: | |
| Tags: |
Tilføj Tag
Ingen Tags, Vær først til at tagge denne postø!
|
MARC
| LEADER | 00000nam a2200000 a 4500 | ||
|---|---|---|---|
| 001 | UCM9261 | ||
| 003 | CL-VaPUC | ||
| 008 | 030417e20030000cl |||||||||||||||||spa|d | ||
| 082 | 0 | 4 | |a 336.2 |b CAT |2 21 |
| 100 | |a Catrilef Epuyao, Luis |e author |9 590488 | ||
| 245 | 1 | 0 | |a FUT: fondo de utilidades tributables |
| 250 | |a 2a. ed | ||
| 300 | |a 194 p | ||
| 942 | |c BK | ||
| 945 | |d 20030417 00:00:00 |a cmena | ||
| 260 | |a Santiago |b Lexis Nexis |c 2003 | ||
| 260 | |a Santiago |b Jurídica Conosur |c 2003 | ||
| 650 | 0 | |a Impuesto a la renta |9 258171 | |
| 650 | 0 | |a Tributación |9 258429 | |
| 650 | 0 | |a Sociedades anónimas |9 255387 | |
| 583 | |a last modification |c 20171120 06:38:06 |k Rodrigo Vera | ||
| 999 | |c 303585 |d 303583 | ||
| 952 | |0 0 |1 0 |4 0 |6 336_200000000000000_CAT_2003_2003 |7 0 |8 A |9 364995 |a BIBGIM |b BIBGIM |d 2019-11-21 |i 3895505 |o 336.2 CAT 2003 2003 |p 3895505 |r 2025-01-15 |w 2019-11-21 |y BK |k COM | ||
| 952 | |0 0 |1 0 |4 0 |6 336_200000000000000_CAT_2003_2003 |7 0 |8 A |9 364996 |a BIBGIM |b BIBGIM |d 2019-11-21 |i 3895513 |o 336.2 CAT 2003 2003 |p 3895513 |r 2025-01-15 |w 2019-11-21 |y BK |k COM | ||
| 952 | |0 0 |1 0 |4 0 |6 336_200000000000000_CAT_2003_2003 |7 0 |8 A |9 364997 |a BIBGIM |b BIBGIM |d 2019-11-21 |i 3895521 |o 336.2 CAT 2003 2003 |p 3895521 |r 2025-01-15 |w 2019-11-21 |y BK |k COM | ||
| 952 | |0 0 |1 0 |4 0 |6 336_200000000000000_CAT_2003_2003 |7 0 |8 A |9 364998 |a BIBGIM |b BIBGIM |d 2019-11-21 |i 389553K |o 336.2 CAT 2003 2003 |p 389553K |r 2025-01-15 |w 2019-11-21 |y BK |k COM | ||
| 952 | |0 0 |1 0 |4 0 |6 336_200000000000000_CAT_2003_2003 |7 0 |8 A |9 364999 |a BIBGIM |b BIBGIM |d 2019-11-21 |i 3895548 |o 336.2 CAT 2003 2003 |p 3895548 |r 2025-01-15 |w 2019-11-21 |y BK |k COM | ||
| 952 | |0 0 |1 0 |4 0 |6 336_200000000000000_CAT_2003_2003 |7 0 |8 A |9 365000 |a BIBGIM |b BIBGIM |d 2019-11-21 |i 3935515 |o 336.2 CAT 2003 2003 |p 3935515 |r 2025-01-15 |w 2019-11-21 |y BK |k COM | ||
| 952 | |0 0 |1 0 |4 0 |6 336_200000000000000_CAT_2003_2003 |7 0 |8 A |9 365001 |a BIBGIM |b BIBGIM |d 2019-11-21 |i 3935426 |o 336.2 CAT 2003 2003 |p 3935426 |r 2025-01-15 |w 2019-11-21 |y BK |k COM | ||
| 952 | |0 0 |1 0 |4 0 |6 336_200000000000000_CAT_2003_2003 |7 0 |8 A |9 365002 |a BIBGIM |b BIBGIM |d 2019-11-21 |i 3935434 |o 336.2 CAT 2003 2003 |p 3935434 |r 2025-01-15 |w 2019-11-21 |y BK |k COM | ||
| 952 | |0 0 |1 0 |4 0 |6 336_200000000000000_CAT_2003_2003 |7 0 |8 A |9 365003 |a BIBGIM |b BIBGIM |d 2019-11-21 |i 3935442 |o 336.2 CAT 2003 2003 |p 3935442 |r 2025-01-15 |w 2019-11-21 |y BK |k COM | ||
| 952 | |0 0 |1 0 |4 0 |6 336_200000000000000_CAT_2003_2003 |7 0 |8 A |9 365004 |a BIBGIM |b BIBGIM |d 2019-11-21 |i 3935450 |o 336.2 CAT 2003 2003 |p 3935450 |r 2025-01-15 |w 2019-11-21 |y BK |k COM | ||
| 952 | |0 0 |1 0 |4 0 |6 336_200000000000000_CAT_2003_2003 |7 0 |8 A |9 365005 |a BIBGIM |b BIBGIM |d 2019-11-21 |i 3935469 |o 336.2 CAT 2003 2003 |p 3935469 |r 2025-01-15 |w 2019-11-21 |y BK |k COM | ||
| 952 | |0 0 |1 0 |4 0 |6 336_200000000000000_CAT_2003_2003 |7 0 |8 A |9 365006 |a BIBGIM |b BIBGIM |d 2019-11-21 |i 3935477 |o 336.2 CAT 2003 2003 |p 3935477 |r 2025-01-15 |w 2019-11-21 |y BK |k COM | ||
| 952 | |0 0 |1 0 |4 0 |6 336_200000000000000_CAT_2003_2003 |7 0 |8 A |9 365007 |a BIBGIM |b BIBGIM |d 2019-11-21 |i 3935485 |o 336.2 CAT 2003 2003 |p 3935485 |r 2025-01-15 |w 2019-11-21 |y BK |k COM | ||
| 952 | |0 0 |1 0 |4 0 |6 336_200000000000000_CAT_2003_2003 |7 0 |8 A |9 365008 |a BIBGIM |b BIBGIM |d 2019-11-21 |i 3935493 |o 336.2 CAT 2003 2003 |p 3935493 |r 2025-01-15 |w 2019-11-21 |y BK |k COM | ||
| 952 | |0 0 |1 0 |4 0 |6 336_200000000000000_CAT_2003_2003 |7 0 |8 A |9 365009 |a BIBGIM |b BIBGIM |d 2019-11-21 |i 3935507 |o 336.2 CAT 2003 2003 |p 3935507 |r 2025-01-15 |w 2019-11-21 |y BK |k COM | ||